Свинец. Атомно-абсорбционные методы анализа; ГОСТ 26880.1-86 Свинец. Атомно-абсорбционный метод анализа; ГОСТ 26880.2-86 Свинец. Методы определения натрия и калия

Dettagli Bibliografici
Ente Autore: СССР Государственный комитет по стандартам (Госстандарт)
Lingua:russo
Pubblicazione: Москва, Изд-во стандартов, 1986
Edizione:Изд. офиц.
TOC:ГОСТ 26880.1-86 Свинец. Атомно-абсорбционный метод анализа;
ГОСТ 26880.2-86 Свинец. Методы определения натрия и калия;
Serie:Государственные стандарты
Soggetti:
Natura: MixedMaterials Libro
KOHA link:https://koha.lib.tpu.ru/cgi-bin/koha/opac-detail.pl?biblionumber=158928

MARC

LEADER 00000nam0a2200000 4500
001 158928
005 20231031154834.0
035 |a (RuTPU)RU\TPU\book\172368 
035 |a RU\TPU\book\172361 
090 |a 158928 
100 |a 20090429d1986 km y0rusy50 ca 
101 0 |a rus 
102 |a RU 
105 |a a l 000zy 
200 1 |a Свинец. Атомно-абсорбционные методы анализа 
205 |a Изд. офиц. 
210 |a Москва  |c Изд-во стандартов  |d 1986 
215 |a 17 с.  |c ил. 
225 1 |a Государственные стандарты 
464 |t ГОСТ 26880.1-86 Свинец. Атомно-абсорбционный метод анализа 
464 |t ГОСТ 26880.2-86 Свинец. Методы определения натрия и калия 
610 1 |a ГОСТы 
610 1 |a методы определения 
610 1 |a свинец 
610 1 |a методы анализа 
610 1 |a атомно-абсорбционный анализ 
712 0 1 |a СССР  |b Государственный комитет по стандартам (Госстандарт)  |c (1978-1989)  |2 stltpush  |3 (RuTPU)RU\TPU\col\12454 
801 2 |a RU  |b 63413507  |c 20221208  |g PSBO 
942 |c BK